000 00237nam a22001097a 4500
082 _a670.42 KRY'L
100 _aKRYSIN, A,NAUMOV, I
_980649
245 _aASSEMBLY PRACTICE
260 _aMOSCOW
_bMIR
_c1967
300 _a373P
942 _cBK
999 _c585544
_d585544